Statistics for The Life of Nelson Mandela

Click here to take the quiz!

General Stats

  • This quiz has been taken 60 times
  • The average score is 9 of 22

Answer Stats

HintAnswer% Correct
System of institutionalised racial segregation
he mainly fought against
Apartheid
89%
Prize he won in 1993{Nobel} Prize
87%
City he worked in as an aboveJohannesburg
75%
Island which he was imprisoned in{Robben} Island
74%
His main political partyAfrican National Congress
66%
His three wivesWinnie Madikizela
57%
His main occupation (job) before becoming a politician / activistLawyer
55%
Actors who played as Mandela in those moviesMorgan Freeman
53%
His mother-tongueXhosa
49%
He became an advocate in support of people suffering from
this illness after finishing his presidency
AIDS
49%
South African state president he shared that prize withFrederik Willem de Klerk
40%
Two most famous movies about him{Invictus}
36%
Two most famous movies about himMandela: {Long} {Walk}
{to} {Freedom}
30%
Party he secretly joined along with the aboveSouth African
{Communist} Party
28%
Country his third wife #3 was the first lady of before South AfricaMozambique
28%
His three wivesGraça Machel
25%
Actors who played as Mandela in those moviesIdris Elba
19%
His birth-native name{Rolih}lahla
15%
Complete these Mandela quotesIt always {seems} {impossible} until it's done
11%
Complete these Mandela quotesI never lose. I either win or {learn}
9%
His three wivesEvelyn Mase
8%
Complete these Mandela quotesA winner is a {dreamer} who never gives up
6%

Score Distribution

Percentile by Number Answered

Percent of People with Each Score

Your Score History

You have not taken this quiz